000 01025cam a2200229 4500
001 ABS67672
008 040331n2004 000 0 eng u
035 _a(Sirsi) u125694
100 _aColeman, P.
245 4 _aThe seeds of a solution
260 _c2004
490 _aRegeneration and Renewal
_v26 March 2004, 20-21(2)
520 _aExamines a partnership between farmers and inner city communities producing fresh produce for local markets. It is part of the work being done by the Grassroots Food Network, a charity that attempts to rebuild local food economies by bringing together farmers, food producers and low-income consumers. Such schemes help to tackle the problems of small farmers going out of business while inner city communities need better access to cheap, fresh produce.
590 _aABS
590 _aABS
650 _aSMALL FARMERS
650 _aINNER CITY INITIATIVES
650 _aLOCAL ECONOMY
650 _aFOOD PRODUCTION
690 _aRURAL-AGRICULTURE AND FORESTRY
942 _n0
999 _c117154
_d117154